01013nam a2200241Ia 4500003000900000008004100009040001300050040001300063041000800076100002300084245008400107250001200191260005200203260000900255300001100264300001000275490003900285490000600324600021600330942000700546999001700553952020100570IT-RoPAU120407s9999 xx 000 0 und d aIT-RoPAU cIT-RoPAU aita aDionigi Tettamanzi aHumanae vitae. Commento all’enciclica sulla regolazione delle nascite.2°ed.  aMilano  aAncora - Scuole grafiche Artigianelli pavoniani c1968 a334 p. c18 cm a“Cristianesimo aperto” L. 2000 v1 a"Con il testo dell’enciclica. 1.Paolo PP. VI (Giovanni Battista Montini), Enciclica “Humanae vitae” 2. Nascite. controllo, Concezione cattolica I- Paulus PP. VI (Giovanni Battista Montini). BNI 69-10332" cBK c32836d32836 00102ddc406262_900000000000000_4571aPAULUSbPAULUSd2012-04-11l0o262.9.45r2012-04-11 00:00:00w2012-04-11yBKzInserito da: Anna In data: 05 ottobre 2011 fondo: Via A.Severo 56 Progr:10604